000 00876nam0a2200289 4500
001 RU\NLR\BIBL_A\012464388
005 20250128194045.0
035 _a(NLR Aleph) 012464388
090 _a13302965
_c13302965
100 _a2021030211961 y0rusy50 ca
101 0 _akur
102 _aAM
105 _ay z 000yy
181 0 _ai
_baxxe
182 0 _an
200 1 _aНур
_fСьмое Шәмо
203 _aТекст
_bвизуальный
_cнепосредственный
210 _aЕреван
_cнаширәта һӧкӧмәта Эрмәнистана
_d1961
215 _a60,[3] с.
_d17
541 1 _6z01790
_aЗаря
_zrus
686 1 _aШ6 (2=Курд.)-5
700 1 _aСьмое
_bС. Ш.
_gШәмо
790 1 _6z01541
_aСьмое
_bС. Ш.
_gСьмое Шәмо
_4070
852 _aNLR
_bОНЛ
_jКурд./2-74
942 _cBOOK
980 _aNB